| 000 | 00643nam a22001697a 4500 | ||
|---|---|---|---|
| 020 | _qHard Cover. | ||
| 082 | _a005 | ||
| 100 | _aMuntaha, Marium ; Najam, Maleeha ; Sultan, Shizra ; Tahir, anam ; Delawar, Ijlal and Malik Javaria | ||
| 245 |
_aHuman Resource Management / _cMarium Muntaha and Maleeha Najam. |
||
| 260 |
_aIslamabad: _bSEECS - NUST, _c2010. |
||
| 300 |
_a _bill. ; _c30cm. |
||
| 650 |
_aHuman Resource Management-BS- Project Report _934877 |
||
| 700 |
_aMuhammad Yousaf. _915771 |
||
| 856 | _uhttp://10.250.8.41:8080/xmlui/handle/123456789/29673 | ||
| 942 |
_2ddc _cPR |
||
| 999 |
_c540715 _d540715 |
||